Duálne vzdelávanie má problém. Študentom a školám sa doň nechce

Duálne vzdelávanie má za sebou štyri roky pilotného testovania na vybraných školách a dva roky celonárodnej ostrej prevádzky. Štát a firmy si od v nemecky hovoriacich krajinách osvedčeného systému sľubovali väčší záujem tínedžerov o stredné odborné školy, a tým aj viac uchádzačov o prácu v priemysel...

Description complète

Enregistré dans:
Détails bibliographiques
Auteur principal: Nejedlý, Tomáš
Format: Chapitre de livre
Langue:slovaque
Sujets:
Tags: Ajouter un tag
Pas de tags, Soyez le premier à ajouter un tag!

MARC

LEADER 00000naa a2200000 4500
001 0234246
005 20221104112555.2
041 0 |a slo 
044 |a SK 
245 1 0 |a Duálne vzdelávanie má problém. Študentom a školám sa doň nechce  |c Tomáš Nejedlý 
520 |a Duálne vzdelávanie má za sebou štyri roky pilotného testovania na vybraných školách a dva roky celonárodnej ostrej prevádzky. Štát a firmy si od v nemecky hovoriacich krajinách osvedčeného systému sľubovali väčší záujem tínedžerov o stredné odborné školy, a tým aj viac uchádzačov o prácu v priemyselných podnikoch. Stredná odborná škola technická vo Vrábľoch patrí medzi lídrov v duálnom vzdelávaní. Duálne vzdelávanie krachuje, lebo je šité na potreby automobiliek. Firmy by zo strany štátu privítali väčšiu propagáciu. 
610 2 0 |a vzdelávanie duálne 
610 2 0 |a školy stredné odborné 
610 2 0 |a firmy 
610 2 0 |a financie 
610 2 0 |a náklady 
610 2 0 |a propagácia 
610 2 0 |a Slovensko 
100 1 |a Nejedlý, Tomáš